Estadísticas para Capitales de los Estados Mexicanos

Haz click aquí para intentar la prueba.

Estadísticas generales

  • Esta prueba ha sido intentada 8 veces
  • La puntuación promedio es 20 de 31

Estadísticas de respuestas

EstadoCapitál% Correcto
AguascalientesAguascalientes
100%
Baja California SurLa Paz
100%
Baja CaliforniaMexicali
100%
ChihuahuaChihuahua
88%
ColimaColima
88%
GuerreroChilpancingo
75%
TamaulipasCiudad Victoria
75%
JaliscoGuadalajara
75%
SonoraHermosillo
75%
YucatánMérida
75%
MichoacánMorelia
75%
HidalgoPachuca
75%
San Luis PotosíSan Luis Potosí
75%
NayaritTepic
75%
ChiapasTuxtla Gutiérrez
75%
TabascoVillahermosa
75%
ZacatecasZacatecas
75%
Quintana RooChetumal
63%
MorelosCuernavaca
63%
SinaloaCuliacán
63%
GuanajuatoGuanajuato
63%
Nuevo LeónMonterrey
63%
CoahuilaSaltillo
63%
QuerétaroSantiago de Querétaro
50%
OaxacaOaxaca de Juárez
38%
PueblaPuebla de Zaragoza
38%
CampecheSan Francisco
25%
TlaxcalaTlaxcala de Xicohténcatl
25%
Estado de MexicoToluca de Lerdo
25%
DurangoVictoria de Durango
25%
VeracruzXalapa Enríquez
25%

Distribución de puntuación

Porcentaje por número respondido

Porcentaje de gente con cada puntuación

Historial de tus puntuaciones

No has intentado esta prueba.